| 000 | 00458nam a2200181Ia 4500 | ||
|---|---|---|---|
| 008 | 180424s9999 xx 000 0 und d | ||
| 020 | _a136493513 | ||
| 084 | _a574.192 V4:1 | ||
| 100 | _a"Van Holde, Kensal E" | ||
| 245 | 0 | _aPrinciples of Physical Biochemistry | |
| 250 | _a\\199800ENGGPSX | ||
| 260 | _aPrentice Hall | ||
| 260 | _b1998 | ||
| 260 | _cEnglewood Cliffs | ||
| 300 | _a650p | ||
| 500 | _aincludes index and biblioraphy | ||
| 942 | _cBK | ||
| 999 |
_c60471 _d60471 |
||